Collected works /
Guardado en:
| Autor Principal: | |
|---|---|
| Formato: | Libro |
| Idioma: | English French German |
| Publicado: |
Oxford [Oxfordshire] : New York :
Clarendon Press ; Oxford University Press,
1988-2004.
|
| Series: | Oxford science publications
|
| Materias: | |
| Acceso en línea: | Publisher description Table of contents only |
| Etiquetas: |
Agregar Etiqueta
Sin Etiquetas, Sea el primero en etiquetar este registro!
|
| LEADER | 01739cam a2200409 a 4500 | ||
|---|---|---|---|
| 001 | MAT.inmabb006543 | ||
| 008 | 871202m19872004enka#####b####000#0beng## | ||
| 005 | 20120613173324.0 | ||
| 245 | 1 | 0 | |a Collected works / |c Michael Atiyah. |
| 260 | |a Oxford [Oxfordshire] : |b Clarendon Press ; |a New York : |b Oxford University Press, |c 1988-2004. | ||
| 300 | |a 6 v. : |b il. ; |c 25 cm. | ||
| 440 | 0 | |a Oxford science publications | |
| 500 | |a Inglés, francés y alemán. | ||
| 504 | |a Incluye referencias bibliográficas. | ||
| 505 | 0 | |a v. 1. Early papers -- v. 2. K-theory -- v. 3-4. Index theory -- v. 5. Gauge theories -- v. 6. [sin título]. | |
| 510 | 4 | |a MR, |c 91h:01094a |3 (v. 1-5) | |
| 510 | 4 | |a MR, |c 2006b:01012 |3 (v. 6) | |
| 020 | |a 019853275X (v. 1) | ||
| 020 | |a 0198530994 (v. 6 : hbk ; acid-free paper) | ||
| 100 | 1 | |a Atiyah, Michael Francis, |d 1929- | |
| 240 | 1 | 0 | |a Obras. |f 1988 |
| 043 | |a e-uk--- | ||
| 650 | 0 | |a Mathematics. | |
| 600 | 1 | 0 | |a Atiyah, Michael Francis, |d 1929- |
| 650 | 0 | |a Mathematicians |z Great Britain |v Biography. | |
| 084 | |a 01A75 (01-06 19-06) |2 msc2000 | ||
| 010 | |a 87034744 | ||
| 040 | |a DLC |c DLC |d DLC | ||
| 041 | 0 | |a eng |a fre |a ger | |
| 856 | 4 | 2 | |3 Publisher description |u http://www.loc.gov/catdir/enhancements/fy0606/87034744-d.html |
| 856 | 4 | 1 | |3 Table of contents only |u http://www.loc.gov/catdir/enhancements/fy0606/87034744-t.html |
| 859 | |h 01A75 |i At872 |p A-8763 |v 1 |3 Vol. 1 |b BIB. MATEMATICA | ||
| 859 | |h 01A75 |i At872 |p A-8764 |v 2 |3 Vol. 2 |b BIB. MATEMATICA | ||
| 859 | |h 01A75 |i At872 |p A-8765 |v 3 |3 Vol. 3 |b BIB. MATEMATICA | ||
| 859 | |h 01A75 |i At872 |p A-8766 |v 4 |3 Vol. 4 |b BIB. MATEMATICA | ||
| 859 | |h 01A75 |i At872 |p A-8767 |v 5 |3 Vol. 5 |b BIB. MATEMATICA | ||
| 859 | |h 01A75 |i At872 |p A-8768 |v 6 |3 Vol. 6 |b BIB. MATEMATICA | ||
